000 00645nam a2200181Ia 4500
008 100921s9999 xx 000 0 und d
082 _b29211
_a891.463 थ 97
100 _aजावडेकर सुबोध.
245 _aसंगणकाची सावली.
260 _bरविराज प्रकाशन, पुणे.
_c1997
300 _a152
_bरसिक साहित्य,पुणे
365 _b120
520 _aललित-कथा.
630 _aसंगणकाची सावली.
650 _aललित-कथा.
730 _aसंगणकाची सावली.
942 _cBOOK
999 _c778324
_d778321